মানবধর্ম ও বাংলাকাব্যে মধ্যযুগ / (Record no. 52849)
[ view plain ]
| 000 -LEADER | |
|---|---|
| fixed length control field | 00925nam a2200229 a 4500 |
| 001 - CONTROL NUMBER | |
| control field | 52849 |
| 003 - CONTROL NUMBER IDENTIFIER | |
| rucl marc code | BD-RjUL |
| 005 - DATE AND TIME OF LATEST TRANSACTION | |
| control field | 20211209075853.0 |
| 008 - FIXED-LENGTH DATA ELEMENTS--GENERAL INFORMATION | |
| fixed length control field | 160927r19811958ii ||||| |||| 00| 0 ben d |
| 020 ## - INTERNATIONAL STANDARD BOOK NUMBER | |
| Terms of availability | : IRs 25.00 |
| 035 ## - SYSTEM CONTROL NUMBER | |
| System control number | (BD-RjUL)52969 |
| 040 ## - CATALOGING SOURCE | |
| Original cataloging agency | BD-RjUL |
| Language of cataloging | ben |
| Transcribing agency | BD-RjUL |
| 041 ## - LANGUAGE CODE | |
| Language code of text/sound track or separate title | ben |
| 082 ## - DEWEY DECIMAL CLASSIFICATION NUMBER | |
| Edition number | 23 |
| Classification number | 891.44109 |
| Author mark and year | POM 1981 |
| 100 ## - MAIN ENTRY--PERSONAL NAME | |
| Personal name | পোদ্দার, অরবিন্দ |
| 9 (RLIN) | 135112 |
| 245 10 - TITLE STATEMENT | |
| Title | মানবধর্ম ও বাংলাকাব্যে মধ্যযুগ / |
| Statement of responsibility, etc. | অরবিন্দ পোদ্দার |
| 260 ## - PUBLICATION, DISTRIBUTION, ETC. (IMPRINT) | |
| Place of publication, distribution, etc. | কলিকাতা : |
| Name of publisher, distributor, etc. | উচ্চারণ, |
| Date of publication, distribution, etc. | ১৯৫৮ [মুদ্রণ ১৯৮১] |
| 300 ## - PHYSICAL DESCRIPTION | |
| Pagination | ২৩৬ পৃ. ; |
| Size | ২১ সেমি. |
| 650 ## - SUBJECT ADDED ENTRY--TOPICAL TERM | |
| Topical term or geographic name as entry element | বাংলা কবিতা |
| General subdivision | ইতিহাস ও সমালোচনা |
| 9 (RLIN) | 158030 |
| Topical term or geographic name as entry element | Bengali Poetry |
| General subdivision | History & Criticism |
| 9 (RLIN) | 121573 |
| 942 ## - ADDED ENTRY ELEMENTS (KOHA) | |
| Source of classification or shelving scheme | Dewey Decimal Classification |
| Koha item type | Books |
| Lost status | Source of classification or shelving scheme | Damaged status | Not for loan | Collection code | Permanent Location | Current Location | Shelving location | Date acquired | Source of acquisition | Cost, normal purchase price | Total Checkouts | Full call number | Date last seen | Date checked out | Copy number | Koha item type |
|---|---|---|---|---|---|---|---|---|---|---|---|---|---|---|---|---|
| Dewey Decimal Classification | Non-fiction | Central Library, University of Rajshahi | Central Library, University of Rajshahi | 05/03/1984 | Tulip ent. | 25.00 | 1 | B 891.44109 POM 1981 | 22/07/2018 | 08/07/2018 | C-2 | Books | ||||
| Dewey Decimal Classification | Non-fiction | Central Library, University of Rajshahi | Central Library, University of Rajshahi | 05/03/1984 | Tulip ent. | 25.00 | B 891.44109 POM 1981 | 27/09/2016 | C-3 | Books | ||||||
| Dewey Decimal Classification | Non-fiction | Central Library, University of Rajshahi | Central Library, University of Rajshahi | 05/03/1984 | Tulip ent. | 25.00 | B 891.44109 POM 1981 | 28/09/2016 | C-4 | Books | ||||||
| Dewey Decimal Classification | Non-fiction | Central Library, University of Rajshahi | Central Library, University of Rajshahi | 20/08/1991 | Sawkat Osman, Dhaka | B 891.44109 POM 1981 | 23/10/2016 | C-5 | Books |